| 000 | 01152nac a22003017a 4500 | ||
|---|---|---|---|
| 001 | BR8501466 | ||
| 003 | BR-BrBNA | ||
| 005 | 20240105120248.0 | ||
| 008 | 230509b bl.|||m| |||| 00| 0 por d | ||
| 040 |
_aBR-BrBNA _bpor _cBiblioteca Nacional de Agricultura |
||
| 072 | _aF30; F00; F25 | ||
| 090 | _a0120 BR8501466 | ||
| 100 | 1 | _aAssmonn, E.J. | |
| 100 | 1 | _aGomes, L.S. | |
| 100 | 1 | _aGroenwold, T. | |
| 100 | 1 | _aNaspolini, V. | |
| 110 | 1 |
_aOrganizacao das Cooperativas do Estado do Parana, Cascavel (Brasil) _97725 |
|
| 245 | 1 | _aResultados dos ensaios de competicao de cultivares de milho conduzidos pela OCEPAR no ano agricola 1984/85 [Organizacao das Cooperativas do Estado do Parana, Brasil] | |
| 260 | 3 |
_aCascavel, PR (Brasil): _c1985. |
|
| 300 | _a15 p. | ||
| 490 |
_aInforme Tecnico - Organizacao das Cooperativas do Estado do Parana (Brazil) _vv. 6(3) _x |
||
| 500 | _a(*) Documento disponível na(o) Organizacao das Cooperativas do Estado do Parana, Cascavel (Brazil) | ||
| 650 | _aMILHO | ||
| 650 | _aCOMPETICAO DE VARIEDADE | ||
| 650 | _aPARANA | ||
| 909 |
_a202312 _bLúcia Elande _c55 _dLúcia Elande |
||
| 942 |
_2AGRIS _n0 _cMS |
||
| 999 |
_c278560 _d278560 |
||